Statistics for Most Expensive Football Transfers Summer 2023

Click here to take the quiz!

General Stats

  • This quiz has been taken 51 times
  • The average score is 21 of 25

Answer Stats

FeeFromToPlayer% Correct
€116.6mWest Ham UnitedArsenalDeclan Rice
100%
€100.0mTottenham HotspurBayern MunichHarry Kane
100%
€103.0mBorussia DortmundReal MadridJude Bellingham
98%
€90.0mRB LeipzigManchester CityJoško Gvardiol
95%
€75.0mChelseaArsenalKai Havertz
95%
€90.0mParis Saint-GermainAl HilalNeymar
95%
€50.0mNapoliBayern MunichKim Min-jae
93%
€64.2mChelseaManchester UnitedMason Mount
93%
€116.0mBrighton & Hove AlbionChelseaMoisés Caicedo
93%
€64.0mAC MilanNewcastle UnitedSandro Tonali
93%
€95.0mEintracht FrankfurtParis Saint-GermainRandal Kolo Muani
91%
€52.5mInter MilanManchester UnitedAndré Onana
86%
€60.0mRB LeipzigChelseaChristopher Nkunku
84%
€70.0mRB LeipzigLiverpoolDominik Szoboszlai
82%
€55.0mBayer LeverkusenAston VillaMoussa Diaby
82%
€75.0mAtalantaManchester UnitedRasmus Højlund
82%
€62.0mWolverhampton WanderersManchester CityMatheus Nunes
80%
€55.0mWolverhampton WanderersAl HilalRúben Neves
80%
€60.0mStade RennaisManchester CityJérémy Doku
77%
€52.6mFulhamAl HilalAleksandar Mitrović
73%
€62.1mSouthamptonChelseaRoméo Lavia
73%
€60.0mSporting CPParis Saint-GermainManuel Ugarte
61%
€55.0mNottingham ForestTottenham HotspurBrennan Johnson
55%
€60.0mZenit Saint PetersburgAl HilalMalcom
55%
€60.0mPortoAl NassrOtávio
43%

Score Distribution

Percentile by Number Answered

Percent of People with Each Score

Your Score History

You have not taken this quiz